| 000 | 00792nam0a22002651 4500 | ||
|---|---|---|---|
| 001 | RU\NLR\INFOCOMM5\ROSSICA\1000294598 | ||
| 005 | 20250613193908.0 | ||
| 035 | _a(NLR Aleph) 009982515 | ||
| 090 |
_a9701516 _c9701516 |
||
| 100 | _a20030417d1809 |||y0rusy50 ca | ||
| 101 | 0 | _afre | |
| 102 | _aRU | ||
| 105 | _ay ||||000ay | ||
| 200 | 1 |
_aLettre à S.E. le comte Alex. de Strogonof, sur le Trogonthérium, animal fossile et inconnu, de son cabinet _fGotthelf Fischer de Waldheim |
|
| 210 |
_aMoscou _d1809 |
||
| 215 | _d4° | ||
| 600 | 1 |
_aStroganov _bA. _gAleks. _2PSBO |
|
| 700 | 1 |
_aFischer de Waldheim _bG. _gGotthelf _4070 |
|
| 801 | 1 |
_aRU _bInfoComm _c20030417 |
|
| 801 | 0 |
_aRU _bNLR _gPSBO |
|
| 852 |
_aNLR _j13.8.2.1252 |
||
| 942 | _cBOOK | ||
| 980 | _aNB | ||
| 980 | _aRossica | ||